000 00425nam a2200181Ia 4500
001 13221
005 20260306163037.0
008 260306t2004||||xx |||||||||||||| ||spa||
041 _aESP
082 _a001.42
_bC36
100 _aCataldi, Zulma
_eAUT
245 0 _aDiseño y organización de tesis
260 _c2004
300 _a179 páginas :
_c23 cm.
650 _aGEN
654 _aCHU
942 _cLIB
_dJUS
_fJUS
_2ddc
_n
999 _c13221
_d13221